[Event "US op 123nd"]
[Site "Grand Rapids"]
[Date "2023.08.03"]
[Round "6"]
[White "Vaibhav, Kalpaka"]
[Black "Rao, Anjaneya"]
[Result "1/2-1/2"]
[WhiteElo "1963"]
[BlackElo "1844"]
[PlyCount "45"]
[EventDate "2023.07.29"]
[EventType "swiss"]
[EventRounds "9"]
[EventCountry "USA"]
[SourceTitle "CBM 215 Extra"]
[Source "ChessBase"]
[SourceDate "2023.09.30"]
[SourceVersion "1"]
[SourceVersionDate "2023.09.30"]
[SourceQuality "1"]

1. e4 e6 2. d4 d5 3. Nd2 dxe4 4. Nxe4 Nd7 5. Nf3 Ngf6 6. Nxf6+ Nxf6 7. Be3 Nd5 8. Bd3 Nxe3 9. fxe3 g6 10. 0-0 Bg7 11. c3 c5 12. Bb5+ Bd7 13. Bxd7+ Qxd7 14. dxc5 Qb5 15. Nd4 Qxc5 16. Qa4+ Ke7 17. Qb3 Qb6 18. Qa3+ Ke8 19. Qa4+ Ke7 20. Qa3+ Ke8 21. Rf3 Rc8 22. Raf1 Rf8 23. Qa4+ 1/2-1/2

[Event "Bhopal op"]
[Site "Bhopal"]
[Date "2019.12.22"]
[Round "2"]
[White "Bogdanovich, Stanislav"]
[Black "Vaibhav, Kalpaka"]
[Result "1-0"]
[WhiteElo "2562"]
[BlackElo "1769"]
[PlyCount "109"]
[EventDate "2019.12.21"]
[EventType "swiss"]
[EventRounds "10"]
[EventCountry "IND"]
[SourceTitle "CBM 194 Extra"]
[Source "ChessBase"]
[SourceDate "2020.03.31"]
[SourceVersion "1"]
[SourceVersionDate "2020.03.31"]
[SourceQuality "1"]

1. f4 d5 2. Nf3 c5 3. g3 Nc6 4. Bg2 g6 5. 0-0 Bg7 6. d3 Nf6 7. c3 0-0 8. Na3 b6 9. Ne5 Bb7 10. d4 Ne4 11. Be3 cxd4 12. Nxc6 Bxc6 13. Bxd4 f6 14. Nc2 e6 15. Nb4 Bb7 16. Bxe4 dxe4 17. Qb3 Qe7 18. a4 f5 19. Be3 a5 20. Nc2 Ba6 21. Kf2 Rab8 22. Bd4 Rfc8 23. Bxg7 Kxg7 24. Nd4 Bc4 25. Qa3 Qxa3 26. Rxa3 Kf6 27. b3 Bd5 28. c4 Ba8 29. Ra2 Rd8 30. Rd2 Rd7 31. Rfd1 Rbd8 32. Ke3 h6 33. h4 Bb7 34. Kf2 Ba8 35. e3 Bb7 36. Ke1 Ba8 37. Nb5 Rxd2 38. Rxd2 Rxd2 39. Kxd2 Bc6 40. Nd6 Bd7 41. c5 bxc5 42. Nc4 Bc6 43. Kc3 g5 44. hxg5+ hxg5 45. Nxa5 Bd5 46. Nc4 gxf4 47. gxf4 Kg6 48. a5 Kh5 49. a6 Kg4 50. a7 Kf3 51. Kd2 Bb7 52. Ne5+ Kf2 53. Nd7 Bc6 54. Nxc5 Bd5 55. Nxe6 1-0

[Event "IND-ch U09 op 32nd"]
[Site "Ranchi"]
[Date "2018.09.16"]
[Round "3.1"]
[White "Ilamparthi, AR."]
[Black "Vaibhav, Kalpaka"]
[Result "1-0"]
[WhiteElo "1926"]
[BlackElo "1250"]
[PlyCount "81"]
[EventDate "2018.09.15"]
[EventType "swiss"]
[EventRounds "11"]
[EventCountry "IND"]
[SourceTitle "EXT 2024"]
[Source "ChessBase"]
[SourceDate "2023.10.10"]
[SourceVersion "1"]
[SourceVersionDate "2023.10.10"]
[SourceQuality "1"]

1. e4 e5 2. Nf3 Nc6 3. Bc4 Bc5 4. 0-0 Nf6 5. d3 h6 6. c3 Bb6 7. Be3 0-0 8. Bb3 d5 9. Bxb6 axb6 10. Nbd2 dxe4 11. dxe4 Qe7 12. Qe2 Be6 13. Nc4 b5 14. Ncd2 Bxb3 15. Nxb3 b4 16. Rfc1 bxc3 17. Rxc3 Rfd8 18. Qc4 Na5 19. Nxa5 Rxa5 20. Nh4 Rd4 21. Nf5 Qd7 22. Nxd4 exd4 23. Rd3 Ra4 24. Qc2 Nxe4 25. b3 Ra6 26. Rad1 Rd6 27. Re1 Qf5 28. Rf3 Rc6 29. Qxc6 Qxf3 30. Qe8+ Kh7 31. gxf3 Nd6 32. Qd7 d3 33. Qxc7 d2 34. Rd1 Ne8 35. Qxf7 Nf6 36. Rxd2 b5 37. Rd6 b4 38. Rxf6 h5 39. Qg6+ Kg8 40. Re6 h4 41. Re8# 1-0